Blurryface - Twenty One Pilots (Album) - Statistics

General Stats
  • This quiz has been taken 239 times
  • The average score is 12 of 14
Answer Stats
Blurryface % Correct
2. Stressed Out
98%
1. Heavydirtysoul
97%
3. Ride
96%
5. Tear in My Heart
86%
6. Lane Boy
85%
7. The Judge
85%
10. We Don't Believe What's on TV
84%
14. Goner
83%
9. Polarize
83%
4. Fairly Local
81%
12. Hometown
80%
8. Doubt
79%
11. Message Man
79%
13. Not Today
74%
No matching quizzes found
Score Distribution
Percent of People with Each Score
Percentile by Number Answered
Your Score History
You have not taken this quiz